<?xml version="1.0" encoding="UTF-8"?>
<marc:record xmlns:marc="http://www.loc.gov/MARC21/slim">
   <marc:leader>00000nam a2200000 a 4500</marc:leader>
   <marc:datafield ind1="1" ind2=" " tag="100">
      <marc:subfield code="a">Ernaux, Annie</marc:subfield>
      <marc:subfield code="4">aut</marc:subfield>
      <marc:subfield code="e">Verfasser/-in</marc:subfield>
   </marc:datafield>
   <marc:datafield ind1="1" ind2=" " tag="100">
      <marc:subfield code="a">Kroymann, Maren</marc:subfield>
   </marc:datafield>
   <marc:datafield ind1="0" ind2="0" tag="245">
      <marc:subfield code="a">Erinnerung eines Mädchens</marc:subfield>
   </marc:datafield>
   <marc:datafield ind1=" " ind2="1" tag="264">
      <marc:subfield code="b">Der Audio Verlag</marc:subfield>
      <marc:subfield code="c">2018</marc:subfield>
   </marc:datafield>
   <marc:datafield ind1="1" ind2=" " tag="520">
      <marc:subfield code="a">Nach über 55 Jahren taucht Annie Ernaux ein in das Jahr 1958. Den Sommer verbringt sie in einem Feriencamp in der Normandie. Gemeinsam mit anderen Betreuern feiert sie Partys und genießt ihre Jugend. Und sie verbringt ihre erste Nacht mit einem Mann, eine erste sexuelle Erfahrung, die sie voller Scham mit in spätere Jahre trägt - und die sie fortan versucht zu vergessen. Annie Ernaux wirft einen Blick zurück auf das Mädchen, das sie einmal war. Doch sie schreibt auch über die Natur des Begehrens, über die Rolle der Frau und das Vergehen der Zeit: ein Buch von unbedingter Aufrichtigkeit.</marc:subfield>
   </marc:datafield>
   <marc:datafield ind1=" " ind2=" " tag="020">
      <marc:subfield code="a">9783742408167</marc:subfield>
      <marc:subfield code="9">9783742408167</marc:subfield>
   </marc:datafield>
   <marc:datafield ind1="3" ind2=" " tag="024">
      <marc:subfield code="a">9783742408167</marc:subfield>
   </marc:datafield>
   <marc:datafield ind1=" " ind2=" " tag="041">
      <marc:subfield code="a">ger</marc:subfield>
   </marc:datafield>
   <marc:datafield ind1=" " ind2=" " tag="300">
      <marc:subfield code="a">262 Min.</marc:subfield>
   </marc:datafield>
</marc:record>
